Cooperación o conflicto?: relación argentino chilena
Guardat en:
| Autor principal: | |
|---|---|
| Format: | Llibre |
| Idioma: | espanyol |
| Publicat: |
Santiago
Foro Ediciones
2008
|
| Edició: | 1a. ed |
| Matèries: | |
| Etiquetes: |
Afegir etiqueta
Sense etiquetes, Sigues el primer a etiquetar aquest registre!
|
MARC
| LEADER | 00000cam a2200000 a 4500 | ||
|---|---|---|---|
| 001 | UCI6559 | ||
| 003 | CL-VaPUC | ||
| 008 | 080516e20080000CL |||||||||||||||||spa|d | ||
| 020 | |a 9789568729004 | ||
| 082 | 0 | 4 | |a 327.98382 |b LED |2 21 |
| 100 | |a Le Dantec Gallardo, Francisco |e author |9 529463 | ||
| 245 | 1 | 0 | |a Cooperación o conflicto?: relación argentino chilena |
| 250 | |a 1a. ed | ||
| 300 | |a 341 p | ||
| 942 | |c BK | ||
| 945 | |d 20080516 00:00:00 |a rbrito | ||
| 260 | |a Santiago |b Foro Ediciones |c 2008 | ||
| 650 | 0 | |a Relaciones Exteriores |9 255379 | |
| 650 | 0 | |a Cooperación internacional |9 255447 | |
| 650 | 0 | |a Relaciones Internacionales |9 255740 | |
| 650 | 0 | |a Política internacional |9 255813 | |
| 650 | 0 | |a Seguridad internacional |9 256547 | |
| 650 | 0 | |a Seguridad nacional |9 317752 | |
| 651 | 7 | |a CHILE |2 CL-VaPUC |9 529464 | |
| 651 | 0 | |a Argentina |9 254888 | |
| 583 | |a last modification |c 20180528 09:43:16 |k Rodrigo Vera | ||
| 999 | |c 330024 |d 330022 | ||
| 952 | |0 0 |1 0 |4 0 |6 327_983820000000000_LED_2008 |7 0 |8 A |9 415297 |a BIBHIS |b BIBHIS |d 2019-11-22 |i 4439635 |o 327.98382 LED 2008 |p 4439635 |r 2025-01-20 |w 2019-11-22 |y BK |k HIS | ||
| 952 | |0 0 |1 0 |4 0 |6 327_983820000000000_LED_2008 |7 0 |8 A |9 415298 |a BIBHIS |b BIBHIS |d 2019-11-22 |i 4668014 |o 327.98382 LED 2008 |p 4668014 |r 2025-01-20 |w 2019-11-22 |y BK |k HIS | ||
| 952 | |0 0 |1 0 |3 erb |4 0 |6 327_983820000000000_LED_2008 |7 0 |8 A |9 415299 |a BIBHIS |b BIBHIS |i 5473373 |o 327.98382 LED 2008 |p 5473373 |r 2025-01-20 |w 2019-11-22 |y BK |z Catalogado en:20180531 |k HIS | ||